Pokémon de la 2G en anglais - Statistiques

Statistiques générales
  • Ce quiz a été pris 25 fois
  • Le résultat moyen est 89 sur 100
Statistiques - réponses
Hint Réponse % Correct
Skarmory Airmure
100%
Azumarill Azumarill
100%
Celebi Célébi
100%
Scizor Cizayox
100%
Donphan Donphan
100%
Elekid Elekid
100%
Entei Entei
100%
Forretress Foretress
100%
Furret Fouinar
100%
Chikorita Germignon
100%
Girafarig Girafarig
100%
Granbull Granbull
100%
Sunflora Héliatronc
100%
Ho-oh Ho-oh
100%
Hoothoot Hoothoot
100%
Kingdra Hyporoi
100%
Totodile Kaiminus
100%
Lanturn Lanturn
100%
Slugma Limagma
100%
Lugia Lugia
100%
Magby Magby
100%
Marill Marill
100%
Meganium Meganium
100%
Espeon Mentali
100%
Natu Natu
100%
Umbreon Noctali
100%
Crobat Nostenfer
100%
Octillery Octillery
100%
Phanpy Phanpy
100%
Ampharos Pharamp
100%
Pichu Pichu
100%
Porygon2 Porygon2
100%
Qwilfish Qwilfish
100%
Raikou Raikou
100%
Remoraid Remoraid
100%
Snubbull Snubbull
100%
Steelix Steelix
100%
Suicune Suicune
100%
Teddiursa Teddiursa
100%
Togepi Togepi
100%
Togetic Togetic
100%
Igglybuff Toudoudou
100%
Typhlosion Typhlosion
100%
Tyranitar Tyranocif
100%
Ursaring Ursaring
100%
Xatu Xatu
100%
Yanma Yanma
100%
Feraligatr Aligatueur
94%
Houndoom Démolosse
94%
Miltank Ecremeuh
94%
Larvitar Embrylex
94%
Sneasel Farfuret
94%
Quilava Feurisson
94%
Cyndaquil Héricendre
94%
Hitmontop Kapoera
94%
Houndour Malosse
94%
Cleffa Melo
94%
Noctowl Noarfang
94%
Slowking Roigada
94%
Unown Zarbi
94%
Delibird Cadoizo
88%
Croconaw Crocrodil
88%
Mantine Démanta
88%
Misdreavus Feuforêve
88%
Blissey Leuphorie
88%
Quagsire Maraiste
88%
Heracross Scarhino
88%
Sudowoodo Simularbre
88%
Politoed Tarpaud
88%
Magcargo Volcaropod
88%
Wooper Axoloto
82%
Corsola Corayon
82%
Murkrow Cornèbre
82%
Tyrogue Débugant
82%
Dunsparce Insolourdo
82%
Pineco Pomdepik
82%
Bellossom Joliflor
76%
Gligar Scorplane
76%
Pupitar Ymphect
76%
Aipom Capumain
71%
Piloswine Cochignon
71%
Jumpluff Cotovol
71%
Hoppip Granivol
71%
Smoochum Lippouti
71%
Spinarak Mimigal
71%
Smeargle Queulorior
71%
Stantler Cerfrousse
65%
Ledyba Coxy
65%
Ledian Coxyclaque
65%
Skiploom Floravol
65%
Flaaffy Lainergie
65%
Wobbuffet Qulbutoké
65%
Sunkern Tournegrin
65%
Shuckle Caratroc
59%
Bayleef Macronium
59%
Swinub Marcacrin
59%
Ariados Migalos
59%
Mareep Wattouatt
59%
Chinchou Loupio
53%
Sentret Fouinette
47%
Aucun quiz correspondant
Distribution des résultats
% des personnes avec chaque résultat
Percentile par nombre de réponses
Votre historique - résultats
Vous n’avez pas pris ce quiz